|
|
|
|
| LEADER |
00000nab a2200000 a 4500 |
| 001 |
vtls000654871 |
| 003 |
SK-MaSNL |
| 005 |
20260304100257.0 |
| 008 |
250425c1998 xo 0 slo |
| 015 |
|
|
|a SNBRA1998/03-05698
|
| 035 |
|
|
|a CLN000007064
|
| 035 |
|
|
|a (urnnbn)urn:nbn:sk:snk:ar-002a3a
|
| 035 |
|
|
|a (uuid)0fcf09cf-fc53-4840-9013-904b5c485436
|
| 035 |
|
|
|a urn:nbn:sk:snk-ab7re7
|
| 040 |
|
|
|a SNKBUCL
|b slo
|c SNKBUCL
|e AACR2
|
| 041 |
0 |
|
|a slo
|
| 044 |
|
|
|a xo
|c SK
|
| 080 |
|
|
|a 904(437.6):728.8
|2 1997
|
| 080 |
|
|
|a 728.8(437.6)
|2 1997
|
| 100 |
1 |
|
|a Hanuliak, Václav,
|d 1947-2009
|4 aut
|9 250021
|
| 245 |
1 |
0 |
|a Pustý hrad nad Zvolenom
|c Václav Hanuliak
|
| 300 |
|
|
|b Fotogr., obr.
|
| 504 |
|
|
|a Bibliogr. odkazy
|
| 610 |
|
7 |
|a Pustý hrad (Zvolen, Slovensko)
|2 snkbucl
|9 165144
|
| 650 |
0 |
7 |
|a hrady
|z Slovensko
|2 snkbucl
|9 310124
|
| 655 |
|
7 |
|a články z novín a časopisov
|2 snkbucl
|9 267496
|
| 773 |
0 |
|
|t Pamiatky a múzeá
|g Č. 1 (1998), s. 14-18
|
| 850 |
|
|
|a Slovenská národná knižnica
|
| 852 |
|
|
|a Slovenská národná knižnica
|
| 954 |
|
|
|a odborná, vedecká literatúra pôvodná (slovenská)
|2 lita
|
| 957 |
|
|
|a 611
|
| 958 |
|
|
|a article9
|
| 958 |
|
|
|a SK
|
| 958 |
|
|
|a NB
|
| 958 |
|
|
|a OND
|
| 958 |
|
|
|a EUIPO
|
| 992 |
|
|
|a RBX
|
| 999 |
|
|
|c 2837238
|d 2839168
|